=LDR 00000nam 2200000 4500 =001 NUTBA000000000004003 =005 20140901114948.0 =006 =007 =008 =020 ##$$a 978-979-29-1304-0 =035 ##$$a 0010-091400000000036 =040 ##$$a NBPDMAT =082 ##$$a 649.32 =084 ##$$a 649.32 Nur k =100 ##$$a Nurheti Yuliarti =245 ##$$a keajaiban ASI : makanan terbaik untuk kesehatan,kecerdasan dan kelincahan si kecil / $c Nurheti Yuliarti =250 ##$$a Cet. 1 =260 ##$$a Jogyakarta : $b Andi, $c 2011 =300 ##$$a 128 hlm. : $b ilus. ; $c 19 cm. =500 ##$$a Bibliografi : hlm. 117-118 =650 ##$$a ASI =990 ##$$a 21407717 =990 ##$$a 0001/BPAP-NTB/20142014 =990 ##$$a 0001/BPAP-NTB/20142014 =990 ##$$a 0001/BPAP-NTB/20142014 =990 ##$$a 0001/BPAP-NTB/20142014 =990 ##$$a 0001/BPAP-NTB/20142014